Innovative @ best practices in HRD and training : (Record no. 86267)

MARC details
000 -LEADER
fixed length control field 00610nam a22001817a 4500
005 - DATE AND TIME OF LATEST TRANSACTION
control field 20140808163814.0
010 ## - LCCN (DPL NO)
LC control number ENG-110347
020 ## - INTERNATIONAL STANDARD BOOK NUMBER
International Standard Book Number 9789350624913
Terms of availability 495.00
035 ## - SYSTEM CONTROL NUMBER
System control number EN-93879
037 ## - SOURCE OF ACQUISITION
Source of stock number/acquisition DBAD/PUB
100 ## - MAIN ENTRY--PERSONAL NAME
Personal name Abrol, Sunil
245 ## - TITLE STATEMENT
Title Innovative @ best practices in HRD and training :
Statement of responsibility, etc by Sunil Abrol [and] Rajeshwari Narendran
Remainder of title award winning case studies /
260 ## - PUBLICATION, DISTRIBUTION, ETC. (IMPRINT)
Place of publication, distribution, etc New Delhi
Name of publisher, distributor, etc Excel Books
Date of publication, distribution, etc 2014
270 ## - ADDRESS
Address A-45, Naraina, Phase I
City New Delhi
Postal code 110028
300 ## - PHYSICAL DESCRIPTION
Extent xiv,386p. :
Dimensions 24cm(pbk)
Other physical details ill.
700 ## - ADDED ENTRY--PERSONAL NAME
Personal name Narendran, Rajeshwari
942 ## - ADDED ENTRY ELEMENTS (KOHA)
Source of classification or shelving scheme Dewey Decimal Classification
Item type English Books
Call number suffix ABR
Classification part 658.3
Holdings
Withdrawn status Lost status Not for loan Collection code Home library Current library Date acquired Source of acquisition Cost, normal purchase price Full call number Barcode Copy number Cost, replacement price Koha item type
    Not For Loan Non-fiction D.B.Act.Division D.B.Act.Division 02/07/2014 DBAD/PUB 495.00 658.3 ABR EN-93879 1 495.00 English Books

© Delhi Public Library
Hit Counter
free hit counter